000 00458nam a22001812 4500
001 0000004009
005 20170406115505.0
008 140805s xx 000 0 eng d
020 _c$
040 _aYour Holding Symbol
_cYour Holding Symbol
100 1 _aPratt,EJ.
245 1 0 _aCollected poems.
250 _a ed.
260 _aToronto :
_bMacmillan,
_c1944.
300 _a314 p. ;
_c cm.
650 0 _aliterature.
908 _a140805
999 _c3854
_d3854